| 000 | 00475nam a2200181Ia 4500 | ||
|---|---|---|---|
| 008 | 230711s9999||||xx |||||||||||||| ||und|| | ||
| 020 | _a978-93-81269-55-8 | ||
| 041 | _aENG | ||
| 082 |
_a530.15 _bAR-M |
||
| 100 | _aArfken,Gorge B | ||
| 245 | 0 | _aMathematical methods for physicists : a comprehensive guide | |
| 250 | _a7th Ed. | ||
| 260 |
_c2016 _aNew Delhi _bElsevier Science Publishers |
||
| 300 | _a1205p. | ||
| 650 | _aPhysics | ||
| 700 | _aWeber,Han J | ||
| 942 | _cBK | ||
| 999 |
_c5775 _d5775 |
||